International Bridges Quiz Stats

 Plays Quiz not verified by Sporcle

Also try: Landmarks of Asia
Challenge
Share
Tweet
Embed
Score 0/34 Timer 10:00
0 Plays Today
Bridge Countries % Correct
Øresund BridgeDenmark and Sweden
89%
Johor-Singapore CausewayMalaysia and Singapore
86%
Ambassador BridgeUnited States and Canada
81%
Thai–Lao Friendship BridgeThailand and Laos
77%
Sino-Nepal Friendship BridgeChina and Nepal
76%
Gateway International BridgeUnited States and Mexico
71%
Tajik-Afghan Friendship BridgeTajikistan and Afghanistan
71%
Svinesund BridgeNorway and Sweden
67%
King Fahd CausewayBahrain and Saudi Arabia
66%
Tancredo Neves BridgeBrazil and Argentina
61%
Pierre Pflimlin BridgeFrance and Germany
60%
Guadiana International BridgeSpain and Portugal
58%
Changbai–Hyesan International BridgeChina and North Korea
55%
Sami BridgeNorway and Finland
54%
Holzbrücke Bad SäckingenGermany and Switzerland
53%
Salto Grande BridgeArgentina and Uruguay
48%
Baron of Mauá International BridgeBrazil and Uruguay
40%
Bridge Countries % Correct
Puente Rodolfo RoblesMexico and Guatemala
36%
Narva Friendship BridgeRussia and Estonia
35%
Giurgiu-Ruse Friendship BridgeBulgaria and Romania
35%
San Roque González de Santa Cruz BridgeArgentina and Paraguay
32%
Bukit Bunga–Ban Buketa BridgeMalaysia and Thailand
20%
Takutu River BridgeBrazil and Guyana
20%
Rača BridgeSerbia and Bosnia and Herzegovina
20%
Eiffel BridgeRomania and Moldova
20%
Mária Valéria BridgeHungary and Slovakia
19%
Chirundu BridgeZambia and Zimbabwe
18%
Oyapock River BridgeBrazil and France
18%
Ostrovul Mare BridgeRomania and Serbia
17%
Alfred Beit Road BridgeSouth Africa and Zimbabwe
14%
Songwe BridgeMalawi and Tanzania
8%
Katima Mulilo BridgeNamibia and Zambia
7%
Rusumo BridgeTanzania and Rwanda
7%
Unity Bridge 2Tanzania and Mozambique
6%

You're not logged in!

Compare scores with friends on all Sporcle quizzes.
OR
Log In

You Might Also Like...

Show Comments

Extras

Top Quizzes Today


Score Distribution

Your Account Isn't Verified!

In order to create a playlist on Sporcle, you need to verify the email address you used during registration. Go to your Sporcle Settings to finish the process.

Report this User

Report this user for behavior that violates our Community Guidelines.

Details: